| 000 | 00000nam##2200000za#4500 |
| 001 | 9.696842 |
| 003 | CaOODSP |
| 005 | 20210624235221 |
| 007 | cr ||||||||||| |
| 008 | 150407|2000||||xxc|||||o f|0| 0 eng|d |
| 040 | |aCaOODSP|beng |
| 043 | |an-cn--- |
| 086 | 1 |aE97-67/2000E-PDF |
| 110 | 1 |aCanada.|bInternational Development Research Centre. |
| 245 | 10|aResearch for development in the Middle East and North Africa / |h[electronic resource]|cedited by Eglal Rached and Dina Craissati. |
| 260 | |aOttawa - Ontario : |bInternational Development Research Centre |cc2000. |
| 300 | |a294p.|bfigs., references, tables |
| 590 | |a12-41-Supp|b2012-11-07 |
| 690 | 07|aInternational development|2gcpds |
| 856 | 40|ahttp://publications.gc.ca|qPDF|s15.86 MB|uhttps://publications.gc.ca/collections/collection_2012/crdi-idrc/E97-67-2000-eng.pdf |